| 000 -ლიდერი |
| ფიქსირებული სიგრძის საკონტროლო ველი |
00870nam a2200229Ia 4500 |
| 001 - საკონტროლო ნომერი |
| საკონტროლო ველი |
21381 |
| 003 - საკონტროლო ნომრის იდენტიფიკატორი |
| საკონტროლო ველი |
GE_BSU |
| 005 - ბოლო ოპერაციის თარიღი და დრო |
| საკონტროლო ველი |
20211105172536.0 |
| 008 - ფიქსირებული სიგრძის მონაცემთა ელემენტები - ზოგადი ინფორმაცია |
| ფიქსირებული სიგრძის საკონტროლო ველი |
181216s1935||||ge |||||||||||||| ||geo|| |
| 040 ## - კატალოგიზაციის წყარო |
| Transcribing agency |
GE_BSU |
| 041 ## - ენის კოდი |
| Language code of text/sound track or separate title |
geo |
| 080 ## - უნივერსალური ათობითი კლასიფიკაციის ინდექსი |
| Universal Decimal Classification number |
930(479.22)(092)+94(479.22)'1832 გ-66 |
| 100 ## - მთავარი ჩანაწერი - პიროვნების სახელი |
| Personal name |
გოზალიშვილი, გ. |
| 9 (RLIN) |
12852 |
| 245 ## - ცნობა სათაურის შესახებ |
| Title |
1832 წლის შეთქმულება ტ.1 / |
| Statement of responsibility, etc |
გ. გოზალიშვილი ; რედ. ლ. ციხისთავი. |
| 264 ## - წარმოების, გამოცემის, დისტრიბუციის და სხვა ცნობები |
| გამოცემის, წარმოების, დისტრიბუციის... ადგილი |
ტფილისი : |
| გამოცემის, წარმოების, დისტრიბუციის... სახელწოდება |
სახ. უნ-ტის გამ-ბა, |
| გამოცემის, წარმოების, დისტრიბუციის... თარიღი |
1935. |
| 300 ## - ფიზიკური აღწერა |
| Extent |
526 გვ. ; |
| Dimensions |
22 სმ. |
| 653 ## - INDEX TERM--UNCONTROLLED |
| Uncontrolled term |
1832 წლის შეთქმულება |
| 653 ## - INDEX TERM--UNCONTROLLED |
| Uncontrolled term |
ისტორია |
| 700 ## - ADDED ENTRY--PERSONAL NAME |
| Personal name |
ციხისთავი, ლ. |
| Relator term |
რედაქტორი |
| 9 (RLIN) |
12853 |
| 942 ## - ADDED ENTRY ELEMENTS (KOHA) |
| Koha item type |
წიგნი |
| Source of classification or shelving scheme |
|